000 00771nam a2200241 i 4500
001 38216
003 ES-MaACL
005 20250814221003.0
007 t|
008 030225s1977 sp ||||1| spa d
080 _a301.188.1:331
080 _a331:301.188.1
100 1 _aBurisch, Wolfram.
_932692
245 1 0 _aSociología industrial /
_cWolfram Burisch ; introducción: J.M. González Páramo ; [traducción de: Eloy Fuente Herrero].
250 _a[2ª ed.].
260 _aMadrid :
_bPirámide,
_c[1977]
300 _a253 p. ;
_c18 cm.
650 0 4 _aSociología industrial.
_917214
700 1 _aFuente Herrero, Eloy.
_952867
700 1 _aGonzález Páramo, José Manuel,
_d1927-
_9152414
852 _aES-MaACL
_jA-7875
_bR.96932
999 _c38216
_d38216